000 02000cam a2200361 a 4500
999 _c127672
_d127672
001 15470339
003 ARRUPE
005 20180315143512.0
008 080930s2009 nyu b 001 0 eng
010 _a 2008043017
020 _a9780307377401
020 _a0307377407
035 _a(OCoLC)236339678
035 _a(OCoLC)ocn236339678
040 _aDLC
_cDLC
_dBTCTA
_dBAKER
_dYDXCP
_dMLY
_dC#P
_dBWX
_dCDX
_dVP@
_dDLC
043 _af------
050 0 0 _aDT30.5
_b.M22 2009
082 0 0 _a320.6096
_222
100 1 _aMaathai, Wangari.
_940703
245 1 4 _aThe challenge for Africa /
_cWangari Maathai.
_ba new vision
260 _aLondon :
_bWilliam Heinemann,
_cc2009.
300 _a319 p. ;
_c22 cm.
504 _aIncludes bibliographical references (p. [303]-304) and index.
505 0 _aIntroduction: On the wrong bus -- The farmer of Yaoundé -- A legacy of woes -- Pillars of good governance : the three-legged stool -- Aid and the dependency syndrome -- Deficits : indebtedness and unfair trade -- Leadership -- Moving the social machine -- Culture : the missing link? -- The crisis of national identity -- Embracing the micro-nations -- Land ownership : whose land is it, anyway? -- Environment and development -- Saving the Congo forests -- The African family.
650 0 _aPolitical leadership
_zAfrica.
_940704
651 0 _aAfrica
_xPolitics
_y1960-
_940705
651 0 _aAfrica
_xSocial conditions
_y1960-
_940706
856 4 2 _3Publisher description
_uhttp://www.loc.gov/catdir/enhancements/fy0910/2008043017-d.html
856 4 2 _3Contributor biographical information
_uhttp://www.loc.gov/catdir/enhancements/fy0910/2008043017-b.html
856 4 1 _3Sample text
_uhttp://www.loc.gov/catdir/enhancements/fy0910/2008043017-s.html
906 _a7
_bcbc
_corignew
_d1
_eecip
_f20
_gy-gencatlg
942 _2lcc
_cMONOGRAPH